Advanced Advertising Management (Record no. 16330)
[ view plain ]
| 000 -LEADER | |
|---|---|
| fixed length control field | 00475nam a22001817a 4500 |
| 008 - FIXED-LENGTH DATA ELEMENTS--GENERAL INFORMATION | |
| fixed length control field | 260408b |||||||| |||| 00| 0 eng d |
| 020 ## - INTERNATIONAL STANDARD BOOK NUMBER | |
| International Standard Book Number | 978-93-7212-498-9 |
| Price | 250. |
| 040 ## - CATALOGING SOURCE | |
| Original Cataloguing agency | Sibsagar Commerce College Central Library |
| 041 ## - LANGUAGE CODE | |
| Language code of text/sound track or separate title | English |
| 082 ## - DEWEY DECIMAL CLASSIFICATION NUMBER | |
| Classification number | 659.1 |
| Book Number | AHU |
| 100 ## - MAIN ENTRY--PERSONAL NAME | |
| Personal name | Ahuja, Prerna. |
| 245 ## - TITLE STATEMENT | |
| Title | Advanced Advertising Management |
| Statement of responsibility, etc. | By Prerna Ahuja . |
| 260 ## - PUBLICATION, DISTRIBUTION, ETC. | |
| Place of publication, distribution, etc. | New Delhi: |
| Name of publisher, distributor, etc. | Kalyani Publishers ; |
| Date of publication, distribution, etc. | 2026. |
| 300 ## - PHYSICAL DESCRIPTION | |
| Pages | 244p. |
| 650 ## - Subject | |
| Subject | Management |
| 942 ## - ADDED ENTRY ELEMENTS (KOHA) | |
| Source of classification or shelving scheme | Dewey Decimal Classification |
| Koha item type | Books |
| Withdrawn status | Lost status | Source of classification or shelving scheme | Damaged status | Not for loan | Collection code | Home library | Current library | Shelving location | Date acquired | Source of acquisition | Total Checkouts | Full call number | Barcode | Date due | Date last seen | Date last checked out | Copy number | Cost, replacement price | Price effective from | Koha item type |
|---|---|---|---|---|---|---|---|---|---|---|---|---|---|---|---|---|---|---|---|---|
| Dewey Decimal Classification | Management | Sibsagar Commerce College Central Library | Sibsagar Commerce College Central Library | General Stacks | 08/04/2026 | Kitap Ghar | 1 | 659.1 AHU | 29122 | 12/05/2026 | 23/04/2026 | 23/04/2026 | 1 | 500.00 | 08/04/2026 | Books | ||||
| Dewey Decimal Classification | Management | Sibsagar Commerce College Central Library | Sibsagar Commerce College Central Library | General Stacks | 08/04/2026 | Kitap Ghar | 1 | 659.1 AHU | 29123 | 13/05/2026 | 24/04/2026 | 24/04/2026 | 2 | 500.00 | 08/04/2026 | Books | ||||
| Dewey Decimal Classification | Management | Sibsagar Commerce College Central Library | Sibsagar Commerce College Central Library | General Stacks | 08/04/2026 | Kitap Ghar | 1 | 659.1 AHU | 29124 | 15/05/2026 | 27/04/2026 | 27/04/2026 | 3 | 500.00 | 08/04/2026 | Books | ||||
| Dewey Decimal Classification | Management | Sibsagar Commerce College Central Library | Sibsagar Commerce College Central Library | General Stacks | 08/04/2026 | Kitap Ghar | 1 | 659.1 AHU | 29125 | 12/05/2026 | 23/04/2026 | 23/04/2026 | 4 | 500.00 | 08/04/2026 | Books |
